Countries with Dutch as an Official Language - Statistics

General Stats
  • This quiz has been taken 54 times
  • The average score is 3 of 3
Answer Stats
Percentage Answer % Correct
90% Netherlands
100%
60% Suriname
96%
60% Belgium
91%
No matching quizzes found
Score Distribution
Percent of People with Each Score
Percentile by Number Answered
Your Score History
You have not taken this quiz